00518 2200181 4500001002100000005001700021006001900038008004100057020002300098035002600121084001700147090001700164100001400181245004900195260004500244300002300289990002400312INLIS00000000000277820160919103340.0a ||| | 171130| ||| |  a 978-979-26-7149-0 a 0010-091600000000209 a 028.5 FID T a 028.5 FID T0 a Fidelara00a Cerita Budi Pekerti Teka - teki Paling Jauh a JAKARTA b PT ANAKSALEH PRATAMA c 2008 a 20 hlm c 24,7 Cm a 23640/APBD.II/2015